|
|
|
|
| LEADER |
01276nam a22003137a 4500 |
| 001 |
33341 |
| 003 |
BD-DhAAL |
| 005 |
20180714100941.0 |
| 008 |
180714t20031991gw a 000 0 eng d d eng |
| 999 |
|
|
|c 39717
|d 39717
|
| 020 |
|
|
|a 3822860557
|
| 020 |
|
|
|a 9783822860557
|
| 040 |
|
|
|a BD-DhAAL
|
| 082 |
|
|
|a 720.92
|2 21
|
| 100 |
|
|
|a Pfeiffer, Bruce Brooks
|9 27058
|
| 245 |
|
|
|a Frank Lloyd Wright /
|c text by Bruce Brooks Pfeiffer ; edited by Peter Gössel and Gabriele Leuthäuser
|
| 260 |
|
|
|a Köln ;
|a Los Angeles :
|b Taschen,
|c c2003
|
| 300 |
|
|
|a 175 pages :
|b illustrations (some colors) ;
|c 31 cm
|
| 526 |
|
|
|a ARC
|
| 541 |
|
|
|e 33341
|
| 546 |
|
|
|a Texts in English, French and German
|
| 600 |
|
|
|a Wright, Frank Lloyd,
|d 1867-1959
|x Criticism and interpretation
|9 27059
|
| 650 |
|
|
|a Architecture, Modern
|y 20th century
|z United States
|9 27060
|
| 700 |
|
|
|a Wright, Frank Lloyd,
|d 1867-1959
|9 27061
|
| 700 |
|
|
|a Gössel, Peter,
|d 1956-
|9 27062
|
| 700 |
|
|
|a Leuthäuser, Gabriele,
|d 1950-
|9 27063
|
| 852 |
|
|
|a Department of Architecture
|c General Stacks
|
| 942 |
|
|
|2 ddc
|c BK
|
| 952 |
|
|
|0 0
|1 0
|2 ddc
|4 0
|6 720_920000000000000_PFE
|7 0
|9 63744
|a BRACUL
|b BRACUL
|c GEN
|d 2018-07-14
|l 2
|m 4
|o 720.92 PFE
|p 3010033341
|r 2025-08-04
|s 2025-07-02
|t 1
|w 2018-07-14
|y BK
|x Transferred from ARC to BRACUL on 28/12/2023
|